000 01289nam0a22003491 4500
001 RU\NLR\A1SV\56775
005 20251203171251.9
035 _a(NLR Aleph) 009738733
090 _a9936032
_c9936032
100 _a20060508d1926 u y0rusy50 ca
101 0 _arus
102 _aRU
200 1 _aНа партийно-воспитательной работе
_eИз опыта Надеждинской пропагандистск. группы ЦК РКП(б)
_fПод ред. Г.Окуловой
_gС предисл. К.Попова
210 _a[М.]
_cНовая Москва
_d1926
215 _a160 с.
_d23 см
327 1 _aАвт.: Н.Плютович, Г.Окулова, Г.Клопова, И.Фуртичев, С.Абу
620 _dМосква
702 1 _aПлютович
_bН.
702 1 _aОкулова
_bГ. И.
_gГлафира Ивановна
702 1 _aКлопова
_bГ.
702 1 _aФуртичев
_bИ.
702 1 _aАбу
_bС.
801 0 _aRU
_bNLR
_c20060508
830 _aВ ГАК РНБ под: ВКП(б) ЦК Надеждинская пропагандистск. группа
852 _aNLR
_j20/853
899 _aРГБ
899 _aГПИБ
899 _aГОПБ
942 _cBOOK
980 _aNB
980 _aA1SV